Normal view
MARC view
Entry Personal Name
001 - CONTROL NUMBER
- control field: 40120
003 - CONTROL NUMBER IDENTIFIER
- control field: ARRUPE
005 - DATE AND TIME OF LATEST TRANSACTION
- control field: 20180301155616.0
008 - FIXED-LENGTH DATA ELEMENTS
- fixed length control field: 180301|| aca||aabn | a|a d
040 ## - CATALOGING SOURCE
- Original cataloging agency: ARRUPE
- Transcribing agency: ARRUPE
100 ## - HEADING--PERSONAL NAME
- Personal name: Guy, Jeff
670 ## - SOURCE DATA FOUND
- Source citation: Work cat.: (ARRUPE)12710: Guy, Jeff, The destruction of the Zulu kingdom:, 1979